Irony in chrome (Record no. 121415)
[ view plain ]
| 000 -LEADER | |
|---|---|
| fixed length control field | 01063cam a2200277 4500 |
| 001 - CONTROL NUMBER | |
| control field | 1725590 |
| 003 - CONTROL NUMBER IDENTIFIER | |
| control field | ARRUPE |
| 005 - DATE AND TIME OF LATEST TRANSACTION | |
| control field | 20150106122648.0 |
| 008 - FIXED-LENGTH DATA ELEMENTS--GENERAL INFORMATION | |
| fixed length control field | 731116s1973 dcu b 000 0 eng |
| 010 ## - LIBRARY OF CONGRESS CONTROL NUMBER | |
| LC control number | 73087759 |
| 040 ## - CATALOGING SOURCE | |
| Original cataloging agency | DLC |
| Transcribing agency | DLC |
| Modifying agency | DLC |
| 043 ## - GEOGRAPHIC AREA CODE | |
| Geographic area code | f-rh--- |
| -- | n-us--- |
| 050 00 - LIBRARY OF CONGRESS CALL NUMBER | |
| Classification number | SPC HD9529.S623 |
| Item number | U546 |
| 300 ## - PHYSICAL DESCRIPTION | |
| Dimensions | 23 cm. |
| 100 1# - MAIN ENTRY--PERSONAL NAME | |
| Personal name | Polan, Diane. |
| 9 (RLIN) | 13147 |
| 245 10 - TITLE STATEMENT | |
| Title | Irony in chrome |
| Statement of responsibility, etc | / Diane Polan; Anthony Lake, project director. |
| Remainder of title | the Byrd amendment two years later. |
| 260 ## - PUBLICATION, DISTRIBUTION, ETC. (IMPRINT) | |
| Place of publication, distribution, etc | Washington, |
| Name of publisher, distributor, etc | Carnegie Endowment for International Peace, |
| Date of publication, distribution, etc | 1973 |
| 300 ## - PHYSICAL DESCRIPTION | |
| Extent | v, 37 p. |
| 410 20 - SERIES STATEMENT/ADDED ENTRY--CORPORATE NAME [OBSOLETE, CAN/MARC], [LOCAL, USA] | |
| Corporate name or jurisdiction name as entry element | Carnegie Endowment for International Peace. |
| Subordinate unit | Special Rhodesia Project. |
| Title of a work | Interim report |
| 504 ## - BIBLIOGRAPHY, ETC. NOTE | |
| Bibliography, etc | Includes bibliographical references. |
| 650 #0 - SUBJECT ADDED ENTRY--TOPICAL TERM | |
| Topical term or geographic name as entry element | Chrome steel industry |
| Geographic subdivision | United States. |
| 9 (RLIN) | 13148 |
| 651 #0 - SUBJECT ADDED ENTRY--GEOGRAPHIC NAME | |
| Geographic name | United States |
| General subdivision | Foreign economic relations |
| Geographic subdivision | Zimbabwe. |
| 9 (RLIN) | 13149 |
| 651 #0 - SUBJECT ADDED ENTRY--GEOGRAPHIC NAME | |
| Geographic name | Zimbabwe |
| General subdivision | Foreign economic relations |
| Geographic subdivision | United States. |
| 9 (RLIN) | 13150 |
| 700 1# - ADDED ENTRY--PERSONAL NAME | |
| Personal name | Lake, Anthony. |
| 9 (RLIN) | 13151 |
| 906 ## - LOCAL DATA ELEMENT F, LDF (RLIN) | |
| a | 7 |
| b | cbc |
| c | orignew |
| d | 2 |
| e | opcn |
| f | 19 |
| g | y-gencatlg |
| 942 ## - ADDED ENTRY ELEMENTS (KOHA) | |
| Source of classification or shelving scheme | Library of Congress Classification |
| Koha item type | SPC |
| Withdrawn status | Lost status | Source of classification or shelving scheme | Damaged status | Not for loan | Home library | Current library | Date acquired | Total Checkouts | Full call number | Barcode | Date last seen | Price effective from | Koha item type |
|---|---|---|---|---|---|---|---|---|---|---|---|---|---|
| Library of Congress Classification | ARRUPE LIBRARY | ARRUPE LIBRARY | 10/12/2014 | SPC HD9529.S623 U546 | 46500003502 | 10/12/2014 | 10/12/2014 | SPC |